000 00803nam a2200229Ia 4500
005 20250108125204.0
008 008 250107s9999 xx 000 0 hin d
020 _a978-93-92539-13-8
037 _aTB
040 _aCRL
_bhin
_cCRL
041 _ahin
_2hin
084 _aP152:3 R3
084 _qCRL
100 _aपाण्डे, गोविन्द चन्द्र, ले.
_9556111
245 0 _aवैदिक संस्कृति
_cपाण्डे, गोविन्द चन्द्र, ले.
260 _aदिल्ली, भारत
_bलोकभारती पेपरबैक्स
_c3591
300 _a651पृ0
365 _aINR
_b550
650 _aसमाजशास्त्र
942 _cTB
_hP152:3 R3
999 _c1235979
_d1235979